1129 1517 1875 1688 1796 1615 1114 1650 1001 1143 1320 1772 1975 1311 1048 1665 1804 1216 1390 1195 1550 1878 1489 1687 1632 1207 1506 1556 1175 1186 1301 1401 1031 1783 1521 1607 1789 1737 1012 1767 1252 1597 1952 1238 1019 1350 1274 1425 1369 1728 1186 1963 1820 1251 1121 1476 1991 1132 1225 1069 1794 1565 1171 1375 1198 1431 1437 1359 1091 1088 1628 1588 1638 1561 1090 1106 1049 1953 1663 1762 1430 1245 1586 1124 1215 1892 1778 1461 1199 1277 1651 1173 1056 1923 1454 1580 1878 1752 1430 BCNSPRNW ULIB Ver.6.0+V

เปลี่ยนเป็นภาษาไทย

Change to English
 แสดงรายละเอียดบรรณานุกรม
  กลับหน้าหลัก

Brief Record : Get Marc (ISO 2709) : E-mail record : QR code < ปิดหน้าต่าง
LEADER : 00000nam 2200000uu 4500
001    13399113775
003     ULIB
008    111227s2551||||th 000 0 tha d
020    ^a9789748133583
060 04 ^aWY154^bม140ก 2551
245 00 ^aการพยาบาลหญิงตั้งครรภ์ :^bที่มีภาวะแทรกซ้อนจากการตั้งครรภ์/^cมณีภรณ์ โสมานุสรณ์, บรรณาธิการ ; ดวงฤทัย ศรีสุจริต, ผู้เรียบเรียง ... [และคนอื่นๆ]
250    ^aพิมพ์ครั้งที่ 1
260    ^aนนทบุรี :^bโครงการสวัสดิการวิชาการ สถาบันพระบรมราชชนกสถาบันพระบรมราชชนก,^c2551
300    ^a215 หน้า :^bภาพประกอบ ;^c26 ซม.
650  7 ^aการพยาบาลสูติศาสตร์
650  7 ^aครรภ์^xการพยาบาล
650  7 ^aภาวะแทรกซ้อนขณะมีครรภ์^xการพยาบาล
650  7 ^aสตรีมีครรภ์^xการพยาบาล
700 0  ^aมณีภรณ์ โสมานุสรณ์,^eบรรณาธิการ
700 0  ^aดวงฤทัย ศรีสุจริต
710 2  ^aสถาบันพระบรมราชชนก. ^bโครงการสวัสดิการวิชาการ
945    ^p295^l0^i15610
945    ^p295^l0^i15608
995    ^aกัณชพร
999    ^aใช้งานได้ทุกระบบ
รายการนี้ยังไม่มีแท็ก
คุณยังไม่ได้ล็อกอิน คุณสามารถมีกิจกรรมร่วมกับเว็บไซต์ได้ แต่ต้องล็อกอินก่อน ::
  ล็อกอิน

รายการสื่อสารสนเทศ

ลำดับที่ ประเภท เลขเรียก/บาร์โค้ด สถานที่ สถานะ
1. วิทยาศาสตร์การแพทย์ และสุขภาพ
วิทยาศาสตร์การแพทย์ และสุขภาพ
WY154 ม140ก 2551  
  Barcode: 15610
ห้องสมุดวิทยาเขตสวรรค์ประชารักษ์
►ส่วนจัดเก็บหนังสือเก่า สปร
บนชั้น
  ขอยืม
2. วิทยาศาสตร์การแพทย์ และสุขภาพ
วิทยาศาสตร์การแพทย์ และสุขภาพ
WY154 ม140ก 2551 ฉ.2 
  Barcode: 15608
ห้องสมุดวิทยาเขตสวรรค์ประชารักษ์
►ส่วนจัดเก็บหนังสือเก่า สปร
บนชั้น
  ขอยืม

รายการใกล้เคียง
    หัวเรื่อง [การพยาบาลสูติศาสตร์]
    หัวเรื่อง [ครรภ์ การพยาบาล]
    หัวเรื่อง [สตรีมีครรภ์ การพยาบาล]

BibComment


ยังไม่เคยถูกคอมเมนท์

คอมเมนท์ทรัพยากรรายการนี้
  คอมเมนท์: การพยาบาลหญิงตั้..


 Copyright 2026. Bcnsprnw @Library